00661 2200229 4500001002100000005001700021008004100038020001800079035002400097040001200121082001100133090001800144100002500162245008800187250001100275260003100286300002500317504003100342650002500373850001200398990002100410YOGYA-0209000004125420090227025741.0 ind  a979-413-161-X 0010-020900000041254 aYOPDYOG a152.52 a152.52bVer I aVERHAAR SJ, John W.M aIdentitas manusiabmenurut psikologi dan psikiatri abad ke 20cJohn W.M. Verhaar SJ aCet. 2 aYogyakartabKanisiusc1991 a151 hlmbilusc21 cm aBibliografi : hlm. 142-151 aPsikologi fisiologis aYOPDYOG a27910-PD/A.07b1